Word Ladder: Light Quiz Stats

 Plays Quiz Updated Mar 31, 2018

Challenge
Share
Tweet
Embed
Score 0/40 Timer 04:00
0 Plays Today
Clue 4-Letter Word % Correct
๐Ÿ’ก Apollo 11 destination ๐Ÿ’กMOON
98.4%
Lunch time for manyNOON
97.8%
Shut a door forcefullySLAM
96.8%
Not nice at allMEAN
95.6%
Grumble or complainMOAN
95.4%
Wound with a knifeSTAB
94.5%
Hunk of bacon; concrete sectionSLAB
94.1%
๐Ÿ’ก Flashlight emission ๐Ÿ’กBEAM
93.7%
Podded vegetableBEAN
93.6%
๐Ÿ’ก Ours is the Sun ๐Ÿ’กSTAR
93.2%
Baseball stitchingSEAM
92.3%
Cook at high heat initiallySEAR
92.1%
๐Ÿ’ก Illuminated sign ๐Ÿ’กNEON
91.1%
Library penaltyFINE
90.5%
Broad toothy smileGRIN
88.4%
๐Ÿ’ก Something to gather around ๐Ÿ’กFIRE
88.3%
War hazard; coal siteMINE
87.8%
'You've Got ____' (1998)MAIL
87.8%
Denver is this highMILE
87.6%
Payment to rideFARE
86.3%
Clue 4-Letter Word % Correct
Pepper grinderMILL
85.6%
English musician Fatboy ____SLIM
84.5%
Site of Santa sightingsMALL
81.9%
Drops from the skyRAIN
79.6%
Fail miserably on one's dietGAIN
78.7%
On the dark sideGRIM
76.4%
Seasick sailor's supportRAIL
74.9%
'The ___ Bears Movie' (1985)CARE
73.3%
Like some excusesLAME
71.1%
To express in speechTALK
69.5%
๐Ÿ’ก Something archaic that furnishes light ๐Ÿ’กGLIM
67.7%
๐Ÿ’ก Tanning bed fixture ๐Ÿ’กLAMP
67.1%
Koi or goldfishCARP
66.9%
Penalized move in baseballBALK
66.8%
๐Ÿ’ก Light globe ๐Ÿ’กBULB
63.5%
Military stationCAMP
63%
The greater partBULK
61.9%
Specific piece of workTASK
38.7%
๐Ÿ’ก Emit coherent light ๐Ÿ’กLASE
38%
Hit with a chargeTASE
35.6%

Today's Daily Dose

You're not logged in!

Compare scores with friends on all Sporcle quizzes.
Join for Free
OR
Log In

You Might Also Like...

Show Comments

Extras

Top Quizzes Today


Score Distribution

Your Account Isn't Verified!

In order to create a playlist on Sporcle, you need to verify the email address you used during registration. Go to your Sporcle Settings to finish the process.

Report this User

Report this user for behavior that violates our Community Guidelines.

Details: